Dim-Witted TV Characters Quiz Stats

 Plays Quiz Updated Apr 21, 2016

Challenge
Share
Tweet
Score 0/20 Timer 10:00
4 Plays Today
% Correct
Joey Tribbiani (Friends)
98%
Homer Simpson (The Simpsons)
91.5%
Patrick Star (SpongeBob SquarePants)
80%
Peter Griffin (Family Guy)
79.4%
Penny (The Big Bang Theory)
71.2%
Kimmy Gibbler (Full House)
59%
Woody Boyd (Cheers)
57.9%
Michael Kelso (That '70s Show)
54.5%
Kelly Bundy (Married... with Children)
54.1%
Rose Nylund (The Golden Girls)
51.3%
% Correct
Hilary Banks (The Fresh Prince of Bel-Air)
46%
Chrissy Snow (Three's Company)
45.6%
Jake Harper (Two and a Half Men)
44.9%
Tracy Jordan (30 Rock)
43.2%
Kevin Malone (The Office)
42.6%
Luke Dunphy (Modern Family)
39.8%
Nostradamus 'Bull' Shannon (Night Court)
37.7%
Tobias Fünke (Arrested Development)
35.5%
Reese (Malcolm in the Middle)
34.7%
Andy Dwyer (Parks and Recreation)
34.6%

You're not logged in!

Compare scores with friends on all Sporcle quizzes.
Join for Free
OR
Log In

You Might Also Like...

Show Comments

Extras

Top Quizzes Today


Score Distribution

Your Account Isn't Verified!

In order to create a playlist on Sporcle, you need to verify the email address you used during registration. Go to your Sporcle Settings to finish the process.

Report this User

Report this user for behavior that violates our Community Guidelines.

Details: